000 00687nam a2200253Ia 4500
003 OSt
005 20221007110124.0
006 a|||||r|||| 00| 0
007 ta
008 221006b |||||||| |||| 00| 0 eng d
024 _a20,417
037 _cTextual
040 _aLCO
_cLCO
_beng
041 _2eng
_aeng
082 _aZ1,8Ok91, K5
100 _aVerzijl J.H.W
_9688131
245 0 _aJurisprudence of the World Court
260 _aNew
_byork A.W.Sijthoff USA
_c1965
300 _aVarious
490 _vVol.1&21
650 _aJURISPRUDENCE OF THE WORLD COURT
_9707121
942 _hZ1,8Ok91, K5
_cTEXL
999 _c1189980
_d1189980